Normal view
MARC view
- carpet book
Entry Topical Term
001 - CONTROL NUMBER
- control field: 106741
003 - CONTROL NUMBER IDENTIFIER
- control field: NUST
005 - DATE AND TIME OF LATEST TRANSACTION
- control field: 20230104112122.0
008 - FIXED-LENGTH DATA ELEMENTS
- fixed length control field: 230104|| aca||aabn | a|a d
040 ## - CATALOGING SOURCE
- Original cataloging agency: NUST
- Transcribing agency: NUST
150 ## - HEADING--TOPICAL TERM
- Topical term or geographic name entry element: carpet book
670 ## - SOURCE DATA FOUND
- Source citation: Work cat.: (NUST)185813: O’Brien, Mildred Richmond Jackson 106740, The rug and carpet book /, [1946]
